Entrada Encabezamiento temático
Número de registros utilizados en: 12
001 - NÚMERO DE CONTROL
- campo de control: 880
003 - IDENTIFICADOR DEL NÚMERO DE CONTROL
- campo de control: vecauma
005 - FECHA Y HORA DE LA ÚLTIMA TRANSACCIÓN
- campo de control: 20230908151351.0
008 - DATOS DE LONGITUD FIJA
- campo de control de longitud fija: 220511|| aca||aabn | a|a d
040 ## - FUENTE DE LA CATALOGACIÓN
- Centro catalogador/agencia de origen: vecauma
053 ## - Número de clasificación LC
- Número de clasificación–único número o número inicial: BF576
- Número de clasificación–último número: BF576.8
150 ## - Materia
- Encabezamiento temático: INTELIGENCIA EMOCIONAL
450 ## - REFERENCIA DE “VEASE” MATERIA
- Encabezamiento temático: Emotional intelligence
450 ## - REFERENCIA DE “VEASE” MATERIA
- Encabezamiento temático: CE (Cociente emocional)
450 ## - REFERENCIA DE “VEASE” MATERIA
- Encabezamiento temático: Cociente emocional
450 ## - REFERENCIA DE “VEASE” MATERIA
- Encabezamiento temático: IE (Inteligencia emocional)
550 ## - REFERENCIA DE "VEASE ADEMAS" MATERIA
- Encabezamiento temático: INTELIGENCIAS MULTIPLES
- Subcampo de control : g
550 ## - REFERENCIA DE "VEASE ADEMAS" MATERIA
- Encabezamiento temático: EDUCACION EMOCIONAL
550 ## - REFERENCIA DE "VEASE ADEMAS" MATERIA
- Encabezamiento temático: EMOCIONES
550 ## - REFERENCIA DE "VEASE ADEMAS" MATERIA
- Encabezamiento temático: HABILIDADES SOCIALES
670 ## - FUENTE EN LA QUE SE LOCALIZARON DATOS
- Cita de la fuente: Catálogo de Autoridades de la Biblioteca Nacional de España, 2022
- Información localizada: (Inteligencia emocional)
670 ## - FUENTE EN LA QUE SE LOCALIZARON DATOS
- Cita de la fuente: Catálogo de Autoridades de la Biblioteca del Congreso, 2022
- Información localizada: (Emotional intelligence)
